000 00787cam a22002293a 4500
001 17016
003 PGUSA
005 20140828083349.0
008 051106s2005||||xxu|||||s|||||000 | eng d
040 _aPGUSA
_beng
042 _adc
050 4 _aZ
100 1 _aHamilton, Frederick W.
_q(Frederick William),
_d1860-1940
245 1 0 _aDivision of Words :
_bRules for the Division of Words at the Ends of Lines, with Remarks on Spelling, Syllabication and Pronunciation
_h[electronic resource] /
_cFrederick W. Hamilton
260 _bProject Gutenberg,
_c2005
506 _aPublic domain in the USA.
516 _aElectronic text
653 _aEnglish language -- Syllabication
830 0 _aProject Gutenberg
_v17016
856 4 0 _uhttp://www.gutenberg.org/ebooks/17016
942 _cEB
999 _c246271
_d246271